Kirby Game Titles - Statistics

General Stats
  • This quiz has been taken 22 times
    20 since last reset
  • The average score is 20 of 39
Answer Stats
Hint Answer % Correct
2022 Kirby and the Forgotten Land
93%
2016 Kirby: Planet Robobot
93%
1992 Kirby's Dream Land
93%
2011 Kirby's Return to Dream Land
86%
1994 Kirby's Dream Course
79%
1995 Kirby's Dream Land 2
79%
1997 Kirby's Dream Land 3
79%
2018 Kirby Star Allies
79%
2014 Kirby: Triple Deluxe
79%
1993 Kirby's Adventure
71%
2010 Kirby's Epic Yarn
71%
2023 Kirby's Return to Dreamland Deluxe
71%
1996 Kirby Super Star
71%
2004 Kirby & the Amazing Mirror
71%
2006 Kirby: Squeak Squad
64%
2000 Kirby 64: The Crystal Shards
57%
2011 Kirby Mass Attack
57%
2008 Kirby Super Star Ultra
57%
2003 Kirby Air Ride
50%
2002 Kirby: Nightmare in Dream Land
50%
2022 Kirby's Dream Buffet
50%
2015 Kirby and the Rainbow Curse
43%
2005 Kirby: Canvas Curse
43%
2020 Kirby Fighters 2
43%
2025 Kirby Air Riders
36%
1995 Kirby's Avalanche
36%
2012 Kirby's Dream Collection
36%
1995 Kirby's Block Ball
29%
2019 Kirby's Extra Epic Yarn
29%
2000 Kirby Tilt 'n' Tumble
29%
2014 Dedede's Drum Dash Deluxe
21%
2014 Kirby Fighters Deluxe
21%
1997 Kirby's Star Stacker
21%
2019 Super Kirby Clash
21%
2017 Kirby Battle Royale
14%
2017 Kirby's Blowout Blast
14%
1993 Kirby's Pinball Land
14%
1996 Kirby no Omochabako
0%
2017 Team Kirby Clash Deluxe
0%
No matching quizzes found
Score Distribution
Percent of People with Each Score
Percentile by Number Answered
Your Score History
You have not taken this quiz since the last reset